| 000 | 00886nam a2200265 a 4500 | ||
|---|---|---|---|
| 001 | 40310 | ||
| 003 | BD-RjUL | ||
| 005 | 20211209053205.0 | ||
| 008 | 160428s1969 bg a|||| |||| 00| 0 ben d | ||
| 020 | _cTk. 3.25 | ||
| 035 | _a(BD-RjUL)40425 | ||
| 040 |
_aBD-RjUL _bben _cBD-RjUL |
||
| 041 | _aben | ||
| 082 |
_223 _a621.388 _bAHT 1969 |
||
| 100 |
_aআহমেদ, রফি _9124196 |
||
| 245 | 1 | 0 |
_aটেলিভিশন / _cরফি আহমেদ, ফজলুর রহমান |
| 250 | _a১ম সং. | ||
| 260 |
_aঢাকা : _bবাংলা একাডেমী, _c১৯৬৯ |
||
| 300 |
_a[৩], ১০৯ পৃ. : _bচিত্র ; _c২০ সেমি. |
||
| 490 |
_aবা এ ; _v২৮৮ |
||
| 650 |
_aটেলিভিশন _9124197 |
||
| 650 |
_aTelevision _9124198 |
||
| 700 |
_aরহমান, ফজলুর _9119711 |
||
| 942 |
_2ddc _cBK |
||
| 999 |
_c40310 _d40310 |
||